000 00701 a2200205 4500
020 _a8121908744
020 _a9788121908740
090 _c1575
_d1575
100 1 _aPink, M.Alderton.
245 1 0 _aEnglish grammar composition and correspondence /
_cM.Alderton Pink.
250 _a12th ed.
260 _a[S.l.] :
_bChand (S.) & Co Ltd ,India,
_c1998.
300 _a408 p. ;
_c21 cm.
500 _aPaperback.
700 1 _aThomas, Samuel Evelyn.
700 1 _aCowdery, J.J.
856 4 0 _3Amazon.com
_uhttp://www.amazon.com/exec/obidos/ASIN/8121908744/chopaconline-20
856 4 0 _3Amazon customer reviews
_uhttp://www.chopac.org/cgi-bin/tools/azrev.pl?q=8121908744
942 _aNBS
_cBK
_k428.2 PIN
999 _c344093
_d344093